000 00370nab a22001097u 4500
008 130520b1983 xxu||||| |||| 00| 0 spa d
041 _aspa
100 1 _aFloristán Samanes, Casiano
_d1926-2006
_93401
245 0 0 _aLa espiritualidad en la teología y en la vida
_cCasiano Floristán Samanes
773 0 _tConcilium
_gV.3,1983,págs.555-569
_x0210-1041
_wRev134
942 _cAR
999 _c355022
_d355022